000 00430nam a2200145Ia 4500
003 OSt
005 20260121110741.0
008 211028s2014 xx 000 0 und d
040 _cAIMIT LIBRARY
041 _aeng
100 _aT I, Suhana; Amin, Venkatesh S.
_g1216141
_97251
245 _aStudy on employee retention with reference to ZSK apparels Bangalore /
260 _aMangalore
_bVenkatesh S Amin
_c2014
942 _2ddc
_cPRO
999 _c218821
_d218821